Computer Networks (Record no. 6664)

MARC details
000 -LEADER
fixed length control field 00395nam a2200169Ia 4500
008 - FIXED-LENGTH DATA ELEMENTS--GENERAL INFORMATION
fixed length control field 221030s9999 xx 000 0 und d
020 ## - INTERNATIONAL STANDARD BOOK NUMBER
ISBN 812030621X
041 ## - LANGUAGE CODE
Language code of text/sound track or separate title
082 ## - DEWEY DECIMAL CLASSIFICATION NUMBER
Classification number 105.23
Item number Tan
100 ## - MAIN ENTRY--AUTHOR NAME
Personal name A. S. Tanenbaum
245 #0 - TITLE STATEMENT
Title Computer Networks
Statement of responsibility, etc by A. S. Tanenbaum
250 ## - EDITION STATEMENT
Edition statement 2nd
260 ## - PUBLICATION, DISTRIBUTION, ETC. (IMPRINT)
Name of publisher PHI
Place of publication New Delhi
Year of publication 1996
300 ## - PHYSICAL DESCRIPTION
Number of Pages 650
650 ## - SUBJECT ADDED ENTRY--TOPICAL TERM
Topical Term BE Computer
942 ## - ADDED ENTRY ELEMENTS (KOHA)
Koha item type Books
Holdings
Accession Number Cost, normal purchase price Full call number Price effective from Koha item type Withdrawn / writtenoff status Materials specified (bound volume or other part) Damaged status Not for loan Permanent Location Current Location Shelving location Date acquired Lost/ Missing status department
BE 2013 195.00 105.23 Tan 10/30/2022 Books   Print     MIET Library, Jammu MIET Library, Jammu BL-Acdemic Block C, FL-2, CUP-29, SH-4, R-4 09/27/2000   BE
BE 2014 195.00 105.23 Tan 10/30/2022 Books   Print     MIET Library, Jammu MIET Library, Jammu BL-Academic Block B, FL-1, CUP-29, SH-5, R-5 09/27/2000   BE